00820nam a2200193Ia 4500003000900000008004100009020001800050040001600068080001800084111009400102245024600196260004400442300001600486650001900502650002200521650002200543700001900565710004200584IN-BaIIA211028s9999 xx 000 0 eng d a05-89118-58-8 cIIA Library a524.3-54bMOD aInternational Conference on Modern Problems of Stellar EvolutioncRussiad1998 Oct. 13-15 0aModern problems of stellar evolutionbproceedings of the International conference in honor of Prof. A. G Massevitch's 80th birthday held in Zvenigorod, Russia, 13-15 Oct 1998cedited by D. S. Weibe  aGeosbRussian Academy of Sciencesc1998 aviii, 311p. aStar formation aStellar evolution astellar structure aWeibe, D.S ed. aRussian Academy of Sciences